000 00345nam a2200133 i 4500
001 bg
245 0 _aWydajne i bezodpadowe metody produkcji rolniczej.
260 _aWarszawa,
_c1990.
830 _aZeszyty problemowe postępów nauk rolniczych ;
040 _cBPK
041 _apol
942 _cKS
008 s pl f |000 0 pol
999 _c29118
_d29118
856 _uhttp://koha.tu.koszalin.pl/cgi-bin/koha/opac-detail.pl?biblionumber=29118
_yKatalog online BPK